Szczegóły MARC21

Podstawy nauki o przedsiębiorstwie /

003 -Nazwa inst., której nr kontr. jest w polu 001 [,]
    • @
    • Nazwa instytucji, której n kontrolny jest w polu 001
    • NUKAT
005 -DATA I CZAS OSTATNIEJ MODYFIKACJI [,]
    • @
    • pole kontrolne
    • 20241231115531.0
020 -Międzynarod. znormalizowany nr książki - ISBN [ , ]
    • a
    • Numer ISBN
    • 8370113931 Find
040 -Instytucja sporządzająca opis [ , ]
    • a
    • Instytucja, która sporządziła opis (NP)
    • Ł U/AG
    • c
    • Instytucja, która sporządziła rekord (NP)
    • Ł U/AG
    • d
    • Instytucja, która zmodyfikowała rekord (P)
    • Ł U/GS
    • d
    • Instytucja, która zmodyfikowała rekord (P)
    • Ł U/MSs
942 -Rodzaj dokumentu [ , ]
    • c
    • Rodzaj dokumentu
    • Książka
245 -Strefa tytułu i oznaczenia odpowiedzialności [0,0]
    • a
    • Tytuł
    • Podstawy nauki o przedsiębiorstwie / Find
    • c
    • Pozostałe elementy strefy tytułu i oznaczenia odpowiedzialności (NP)
    • pod red. Jana Lichtarskiego ; aut. oprac. Jerzy Czupiał [et al.].
250 -Strefa wydania [ , ]
    • a
    • Oznaczenie wydania (NP)
    • Wyd. 3, zm. i rozsz.
260 -Strefa adresu wydawniczego [ , ]
    • a
    • Miejsce wydania (P)
    • Wrocław :
    • b
    • Nazwa wydawcy (P)
    • Wydaw. Akademii Ekonomicznej im. Oskara Langego,
    • c
    • Data wydania (P)
    • 1999.
300 -Strefa opisu fizycznego [ , ]
    • a
    • Określenie formy książki i/lub objętość (NP)
    • 420 s. :
    • b
    • Oznaczenie ilustracji (NP)
    • rys. ;
    • c
    • Format (NP)
    • 24 cm.
336 -Typ zawartości [ , ]
    • a
    • Termin opisujący typ zawartości
    • Tekst
    • b
    • Kod określający zawartość
    • txt
    • 2
    • Źródło (terminu i kodu)
    • rdacontent
337 -Typ mediów [ , ]
    • a
    • Tryb odtwarzania
    • Bez urządzenia pośredniczącego
    • b
    • Kod typu mediów
    • n
    • 2
    • Źródło (terminu i kodu)
    • rdamedia
338 -Typ/rodzaj nośnika [ , ]
    • a
    • Hasło opisujące typ nośnika
    • Wolumin
    • b
    • Kod typu nośnika
    • nc
    • 2
    • Źródło (terminu i kodu)
    • rdacarrier
504 -Uwaga dot. bibliogr. załącznikowej [ , ]
    • a
    • Uwaga dot. bibliografii załącznikowej
    • Bibliogr. przy rozdz.
080 -Uniwersalna Klasyfikacja Dziesiętna [ , ]
    • a
    • Symbol klasyfikacji
    • 658.1/.5.01(075.8)
650 -Hasło przedmiotowe [ ,7]
    • a
    • Hasło przedmiotowe
    • Przedsiębiorstwa
    • v
    • Określnik formalny
    • podręczniki akademickie.
    • 2
    • Źródło terminu
    • kaba
    • 9
    • KHW
    • 369183
650 -Hasło przedmiotowe [ ,7]
    • a
    • Hasło przedmiotowe
    • Zarządzanie przedsiębiorstwem
    • v
    • Określnik formalny
    • podręczniki akademickie.
    • 2
    • Źródło terminu
    • kaba
    • 9
    • KHW
    • 352308
650 -Hasło przedmiotowe [ ,7]
    • a
    • Hasło przedmiotowe
    • Ekonomika przedsiębiorstwa
    • v
    • Określnik formalny
    • podręczniki akademickie.
    • 2
    • Źródło terminu
    • kaba
    • 9
    • KHW
    • 350632
980 -Symbol UKD [ , ]
    • a
    • UKD
    • 658.1/.5.01(075.8)
700 -Hasło dodatkowe - nazwa osobowa [1, ]
    • a
    • Nazwa osobowa (NP)
    • Lichtarski, Jan Find
    • d
    • Daty biograficzne (NP)
    • (1946- ).
    • e
    • Określenie rodzaju współpracy
    • Red.
    • 9
    • KHW
    • 14438
700 -Hasło dodatkowe - nazwa osobowa [1, ]
    • a
    • Nazwa osobowa (NP)
    • Czupiał, Jerzy. Find
    • 9
    • KHW
    • 25131
710 -Hasło dodatkowe - nazwa ciała zbiorowego [2, ]
    • a
    • Nazwa ciała zbiorowego lub nazwa geograficzna jako pierwszy element (NP)
    • Akademia Ekonomiczna im. Oskara Langego (Wrocław).
    • b
    • Nazwa jednostki podrzędnej (P)
    • Wydawnictwo.
    • 4
    • Kod relacji
    • pbl
    • 9
    • KHW
    • 73622
920 -ISBN [ , ]
    • a
    • ISBN
    • 83-7011-393-1 Find
Data inwentaryzacji Lokalizacja Status udost. Numer inwentarzowy
2000-01-14BE-2E.66509
2000-01-14BE-3S.84976
2000-05-30BE-6S.85922
2000-05-30BE-6S.85923
2000-05-30BE-6S.85924
2000-05-30BE-3S.85925
2000-08-02BE2S.86525
2000-08-02BE2S.86526
2000-08-02BE-3S.86527
2000-08-02BE-3S.86528
1999-11-29T2T.1319
1999-11-29T-3T.1320
1999-11-29T-3T.1321
1999-11-29T-6T.1322
1999-11-29T-3T.1323
1999-11-29T-3T.1324
1999-11-29T-3T.1326
1999-11-29T-6T.1327
1999-11-29T-6T.1328
1999-12-10T-3T.1496
1999-12-10T-3T.1497
1999-12-10T-2T.1498
1999-12-10T-3T.1499
1999-12-10T-3T.1500
2000-11-28T-3T.3580
2000-11-28T-6T.3581
2000-11-28T-3T.3582
2000-11-28T-3T.3583
2000-11-28T-3T.3584
2001-03-19T-3T.4673
2001-03-19T-3T.4674
2001-03-19T-3T.4675
2001-03-19T-6T.4676
2001-03-19T-3T.4677
2001-03-19T-3T.4678
2001-03-19T-6T.4679
2001-03-19T-3T.4680
2001-03-19T-3T.4681
2001-03-19T-3T.4682
2001-03-19T-3T.4683
2001-03-19T-3T.4684
2014-04-04T-6TM.10874
2001-03-19T-3T.4685
2001-03-19T-3T.4686
2001-03-19T-3T.4687
2003-12-11T-3TM.1938
2003-12-11T2TM.1939
1999-11-29T-6T.1325